MARC details
| 000 -CABECERA |
| campo de control de longitud fija |
01890nam a2200277 u 4500 |
| 001 - NÚMERO DE CONTROL |
| campo de control |
000003266 |
| 003 - IDENTIFICADOR DEL NÚMERO DE CONTROL |
| campo de control |
DO-SdBNP |
| 005 - FECHA Y HORA DE LA ÚLTIMA TRANSACCIÓN |
| campo de control |
20250925082330.0 |
| 007 - CAMPO FIJO DE DESCRIPCIÓN FÍSICA--INFORMACIÓN GENERAL |
| campo de control de longitud fija |
ta |
| 008 - DATOS DE LONGITUD FIJA--INFORMACIÓN GENERAL |
| campo de control de longitud fija |
090707s2017 dr a r 000 0 spa d |
| 020 ## - NÚMERO INTERNACIONAL ESTÁNDAR DEL LIBRO |
| Número Internacional Estándar del Libro |
9789945168167 |
| 040 ## - FUENTE DE LA CATALOGACIÓN |
| Centro catalogador/agencia de origen |
DO-SdBNP |
| Lengua de catalogación |
spa |
| Centro/agencia transcriptor |
BNPHU |
| 082 #4 - NÚMERO DE LA CLASIFICACIÓN DECIMAL DEWEY |
| Número de clasificación |
068.7293 |
| Número de documento/Ítem |
M843h |
| Número de edición |
22 |
| 100 1# - ENTRADA PRINCIPAL--NOMBRE DE PERSONA |
| Nombre de persona |
Moreno Ceballos, Nelson, |
| Fechas asociadas al nombre |
1946- |
| 9 (RLIN) |
33018 |
| 245 10 - MENCIÓN DE TÍTULO |
| Título |
Historia de las academias de ciencias y de las organizaciones científicas internacionales / |
| Mención de responsabilidad, etc. |
Nelson Moreno Ceballos. |
| 246 10 - FORMA VARIANTE DE TÍTULO |
| Título propio/Titulo breve |
History of academies of sciences and international scientific organizations |
| 260 ## - PUBLICACIÓN, DISTRIBUCIÓN, ETC. |
| Lugar de publicación, distribución, etc. |
Santo Domingo : |
| Nombre del editor, distribuidor, etc. |
Búho, |
| Fecha de publicación, distribución, etc. |
2017. |
| 300 ## - DESCRIPCIÓN FÍSICA |
| Extensión |
360 p. : |
| Dimensiones |
24 cm. |
| Otras características físicas |
il ; |
| 505 ## - NOTA DE CONTENIDO CON FORMATO |
| Nota de contenido con formato |
Las primeras comunidades de científicos en la antigüedad clásica y en el mundo helenístico 47 -- Descrédito y desplazamiento de las culturas grecorromana y helenística por parte del cristianismo 67 -- Las culturas árabe y oriental y el surgimiento de Bagdad y Córdoba como centros científicos durante el inicio de la Edad Media 81 -- Origen de las Primeras Academicas de Ciencias en la edad moderna 101 -- Las academias desdientes, las sociedades para el avance de la ciencia y los congresos científicos durante los siglos XVIII y XIX 121 -- Las asociaciones internacionales de academias de ciencias y de otras instituciones 139 -- Breve historia de la Comunidad Científica del Caribe (CCC) y la expansión de sus relaciones interinstitucionales 173 -- Breve reseña de cada una de las academias de ciencias del Gran Caribe 285 -- El papel de las academias de ciencias en el mundo posmoderno 311 |
| 590 ## - NOTA LOCAL (RLIN) |
| Nota local |
Inventariado, 2022 / DG |
| 600 ## - PUNTO DE ACCESO ADICIONAL DE MATERIA--NOMBRE DE PERSONA |
| Nombre de persona |
Unión Científica del Caribe |
| Subdivisión general |
Historia |
| 9 (RLIN) |
81888 |
| 650 #0 - PUNTO DE ACCESO ADICIONAL DE MATERIA--TÉRMINO DE MATERIA |
| Término de materia o nombre geográfico como elemento de entrada |
Crisis económica |
| Subdivisión general |
Cooperación internacional |
| Subdivisión geográfica |
Caribe (Región) |
| 9 (RLIN) |
9159 |
| 651 #4 - PUNTO DE ACCESO ADICIONAL DE MATERIA--NOMBRE GEOGRÁFICO |
| Nombre geográfico |
Ciencia |
| Subdivisión general |
Sociedades, etc. |
| 9 (RLIN) |
5778 |
| Subdivisión geográfica |
Caribe (Región) |
| 910 ## - DATOS DE OPCIÓN DEL USUARIO (OCLC) |
| Datos de opción del usuario |
DG |
| 942 ## - ELEMENTOS DE PUNTO DE ACCESO ADICIONAL (KOHA) |
| Fuente del sistema de clasificación o colocación |
Dewey Decimal Classification |
| Tipo de ítem Koha |
Libro |